000 01013cam a2200289 a 4500
001 11881234
003 GBCCL
005 20241126110357.0
008 000104r20001994paua 000 0 eng
010 _a 00020281
020 _a0005065488
040 _aDLC
_cDLC
_dDLC
050 0 0 _aBS680.S73
_bR63 2000
082 0 0 _a235.4
_221
_bROB
100 1 _aRobeson, Jerry,
_d1938-1999.
_92431
245 1 0 _aStrongman's his name-- II /
_cby Jerry & Carol Robeson.
246 3 _aStrongman's his name-- two
250 _a2nd ed.
260 _aShiloh publishing house:
_bWoodburn,
_c1997.
300 _a244 p. :
_bill. ;
_c24 cm.
500 _aOriginally published: Woodburn, OR : Shiloh Pub., 1994.
650 0 _aSpiritual warfare
_xBiblical teaching.
_92432
700 1 _aRobeson, Carol,
_d1939-
_92433
906 _a7
_bcbc
_corignew
_d1
_eocip
_f20
_gy-gencatlg
942 _2ddc
_cBK
_03
999 _c1269
_d1269